000 00927cam a22002771a 4500
001 sa 68015297
003 DLC
005 20260227112642.0
008 950316s1966 ph d 000 0 tgl
010 _asa 68015297
035 _a(OCoLC)32158707
040 _aDLC
_cWU
_dDLC
041 0 _atageng
050 0 0 _aPL6056
_b.P32 1966
100 1 _aPanganiban, José Villa.
245 1 0 _aTesauro diksiyunaryo Ingles-Pilipino, 1946.
246 2 1 _aThesaurus dictionary, English-Pilipino
250 _a1st ed.
260 _aSan Juan, Rizal :
_bLimbagang Pilipino,
_c1966.
300 _aii, 1363 p., v ;
_c28 cm.
546 _aTagalog and English.
650 0 _aEnglish language
_xDictionaries
_xTagalog.
650 0 _aEnglish language
_xSynonyms and antonyms
_xDictionaries
_xTagalog.
650 0 _aTagalog language
_xSynonyms and antonyms
_xDictionaries
_xEnglish.
650 0 _aTagalog language
_xGlossaries, vocabularies, etc.
999 _c86376
_d86376